|
|
|
|
| LEADER |
00000nab a2200000 a 4500 |
| 001 |
vtls000593529 |
| 003 |
SK-MaSNL |
| 005 |
20260304234026.0 |
| 008 |
250425c19951996xo 0 slo |
| 015 |
|
|
|a SNBRB19rr/mm-uuuuu
|
| 035 |
|
|
|a CL0593668
|
| 035 |
|
|
|a urn:nbn:sk:snk-ab1egl
|
| 035 |
|
|
|a (urnnbn)urn:nbn:sk:snk:ar-002zcv
|
| 035 |
|
|
|a (uuid)cf60cf32-dd45-442b-8fd4-46fa15a5ea61
|
| 040 |
|
|
|a SNKBUCL
|b slo
|c SNKBUCL
|e AACR2
|
| 041 |
0 |
|
|a slo
|
| 044 |
|
|
|a xo
|c SK
|
| 080 |
|
|
|a 159.923.2-053.4
|2 1981
|
| 080 |
|
|
|a 373.2:179
|2 1981
|
| 100 |
1 |
|
|a Spírová, Božena
|4 aut
|9 1570324
|
| 245 |
1 |
0 |
|a Utváranie elementárnych základov prosociálneho správania
|c Božena Spírová
|
| 300 |
|
|
|b Lit. 1 zázn. v slov.
|
| 650 |
0 |
7 |
|a prosociálne správanie
|2 snkbucl
|9 49610
|
| 650 |
0 |
7 |
|a deti predškolského veku
|2 snkbucl
|9 4103
|
| 655 |
|
7 |
|a články z novín a časopisov
|2 snkbucl
|9 267496
|
| 773 |
0 |
|
|t Predškolská výchova
|g Roč. 50, č. 10 (1995/1996), s. 5-6
|
| 850 |
|
|
|a Slovenská národná knižnica
|
| 852 |
|
|
|a Slovenská národná knižnica
|
| 954 |
|
|
|a odborná, vedecká literatúra pôvodná (slovenská)
|2 lita
|
| 958 |
|
|
|a article27
|
| 958 |
|
|
|a RK
|
| 958 |
|
|
|a SK
|
| 958 |
|
|
|a OND
|
| 958 |
|
|
|a EUIPO
|
| 992 |
|
|
|a RBX
|
| 999 |
|
|
|c 3201612
|d 3203542
|